Cabildos y ayuntamientos del Cuzco : (Record no. 13880)

000 -CABECERA
fixed length control field 01170nam a22002297a 4500
003 - IDENTIFICADOR DEL NÚMERO DE CONTROL
control field AR-CdUCM
008 - DATOS DE LONGITUD FIJA--INFORMACIÓN GENERAL
fixed length control field 190416b ||||| |||| 00| 0 spa d
040 ## - FUENTE DE LA CATALOGACIÓN
Agencia/entidad que catalogó originalmente la obra MUNICIPALIDAD PROVINCIAL DEL CUSCO
Entidad que transcribió la catalogación BIBLIOTECA MUNICIPAL DEL CUSCO
082 ## - NÚMERO DE LA CLASIFICACIÓN DECIMAL DEWEY
No. de Clasificación C / 985.61 /
Notacion interna C98
100 ## - ENTRADA PRINCIPAL--NOMBRE DE PERSONA
Nombre Personal Covarrubias Pozo, Jesús M.
245 ## - MENCIÓN DE TÍTULO
Título Cabildos y ayuntamientos del Cuzco :
Resto del título primer libro de actas de la fundación española de la ciudad y del Hospital de los Naturales, tomados de la película microfílmica de la Biblioteca Nacional de Lima, enviada por la Biblioteca del Congreso de Wáshington /
260 ## - PUBLICACIÓN, DISTRIBUCIÓN, ETC.
Lugar de publicación, distribución, etc. Cuzco :
Nombre de la editorial, distribuidor, etc. H.G. Rozas
Fecha de publicación, distribución, etc. 1960.
300 ## - DESCRIPCIÓN FÍSICA
Nº de Páginas Extensión 102 páginas ;
Dimensiones 25 cm.
440 ## - MENCIÓN DE SERIE/PUNTO DE ACCESO ADICIONAL--TÍTULO
Título Biblioteca del Instituto Americano de Arte ;
9 (RLIN) 32483
505 ## - NOTA DE CONTENIDO CON FORMATO
Nota de contenido formateada Contenido: Fundación española del Cuzco -- Términos y jurisdicción de la ciudad del Cuzco -- Pregones públicos para tomar vecindad en la ciudad -- Provisión de alcaldes y regidores de la ciudad ...
650 ## - PUNTO DE ACCESO ADICIONAL DE MATERIA--TÉRMINO DE MATERIA
Descriptor Derecho indiano (Municipal)
9 (RLIN) 31836
650 ## - PUNTO DE ACCESO ADICIONAL DE MATERIA--TÉRMINO DE MATERIA
Descriptor Perú
9 (RLIN) 35
650 ## - PUNTO DE ACCESO ADICIONAL DE MATERIA--TÉRMINO DE MATERIA
Descriptor Cusco.
9 (RLIN) 772
710 ## - PUNTO DE ACCESO ADICIONAL--NOMBRE DE ENTIDAD CORPORATIVA
Nombre corporativo (En letras Mayúsculas) Instituto Americano de Arte (Cusco)
9 (RLIN) 31997
942 ## - ELEMENTOS DE PUNTO DE ACCESO ADICIONAL (KOHA)
Fuente de clasificación
Tipo de item Libros-BMC
945 ## - PROCESAMIENTO DE INFORMACIÓN LOCAL (OCLC)
Catalogador acv
AAAA-MM-DD - Fecha de ingreso o modificacion 2019-04-16
Holdings
Estado de retiro (separado) Fuente de clasificación o esquema de estanterías Estado dañado Ubicación Sala donde se ubica Nombre de la colección Fecha de adquisición o compra Costo, precio normal en soles Signatura topográfica Código de Barras Última vez visto (Koha) Tipo de ítem (Koha)
No     Sala Cusco Antiguo Sala Cusco Antiguo Book Cart 2019-04-16 40.00 C / 985.61 / C98 SCA0002913 2019-04-16 Libros-BMC

Powered by Koha